Topná sezóna končí - a co dál?

Veľká zložitosť a neprehľadnosť v spôsobe regulácie cien tepla sťažuje vytvoriť podnikateľské prostredie v tepelnom hospodárstve. Nízka lukratívnosť výroby tepla pre obyvateľstvo. Otázky merania spotrebovaného tepla. Zásady štátnej energetickej politiky ČSFR predpokladajú ďalšie zvyšovanie cien palí...

Descripción completa

Guardado en:
Detalles Bibliográficos
Autor principal: Štěpán, M.
Formato: Capítulo de libro
Lenguaje:checo
Materias:
Etiquetas: Agregar Etiqueta
Sin Etiquetas, Sea el primero en etiquetar este registro!

MARC

LEADER 00000naa a2200000 4500
001 r008667
005 20220831084154.1
041 0 |a cze 
044 |a [CS] 
245 1 0 |a Topná sezóna končí - a co dál?  |c M. Štěpán 
520 |a Veľká zložitosť a neprehľadnosť v spôsobe regulácie cien tepla sťažuje vytvoriť podnikateľské prostredie v tepelnom hospodárstve. Nízka lukratívnosť výroby tepla pre obyvateľstvo. Otázky merania spotrebovaného tepla. Zásady štátnej energetickej politiky ČSFR predpokladajú ďalšie zvyšovanie cien palív a energie pre obyvateľstvo. 
610 2 0 |a teplárenstvo 
610 2 0 |a energetika 
610 2 0 |a ČSFR 
610 2 0 |a ceny 
610 2 0 |a regulácia cenová 
610 2 0 |a legislatíva 
610 2 0 |a byty 
610 2 0 |a solventnosť 
610 2 0 |a teplo 
610 2 0 |a dodávky 
100 1 |a Štěpán, M.